000 00261nam a2200121Ia 4500
008 190216s9999||||xx |||||||||||||| ||und||
100 _aJain & Kishore
245 0 _aFortran 77
260 _bMcgraw -hill
300 _a269
650 _aComputer
942 _cBK
999 _c8899
_d8899